000
00198 a2200097 4500
001
55521
100
_a
245
_a
CANDU
260
_a
Lhaore
_b
Doare broth.
_c
2007
090
_c
34458
_d
34458
942
_a
NUST-CAE
_c
MONOGRAPH
_c
27178
999
_c
290594
_d
290594